Giáo trình khoa học điều tra hình sự

Gorde:
Xehetasun bibliografikoak
Egile nagusia: Bùi, Kiên Điện
Formatua: Liburua
Hizkuntza:Undetermined
Argitaratua: Hà Nội Công an nhân dân 2004
Gaiak:
Etiketak: Etiketa erantsi
Etiketarik gabe, Izan zaitez lehena erregistro honi etiketa jartzen!
Thư viện lưu trữ: Trung tâm Học liệu Trường Đại học Cần Thơ
LEADER 00567nam a2200193Ia 4500
001 CTU_64373
008 210402s9999 xx 000 0 und d
020 |b 31500 
082 |a 363.25 
082 |b Đ305 
100 |a Bùi, Kiên Điện 
245 0 |a Giáo trình khoa học điều tra hình sự 
245 0 |c Bùi Kiên Điện 
260 |a Hà Nội 
260 |b Công an nhân dân 
260 |c 2004 
650 |a Criminal investigation 
904 |i Minh (Nguyênsửa) 
980 |a Trung tâm Học liệu Trường Đại học Cần Thơ